La région Asie du Sud-Est : Une mutation des territoires (notice n° 1566683)

détails MARC
000 -LEADER
fixed length control field 02056cam a2200145 4500500
005 - DATE AND TIME OF LATEST TRANSACTION
control field 20251214002022.0
041 ## - LANGUAGE CODE
Language code of text/sound track or separate title fre
042 ## - AUTHENTICATION CODE
Authentication code dc
100 10 - MAIN ENTRY--PERSONAL NAME
Personal name Fau, Nathalie
Relator term author
245 00 - TITLE STATEMENT
Title La région Asie du Sud-Est : Une mutation des territoires
260 ## - PUBLICATION, DISTRIBUTION, ETC.
Name of publisher, distributor, etc. Armand Colin,<br/>
Date of publication, distribution, etc. 2024.<br/>
520 ## - SUMMARY, ETC.
Summary, etc. Au carrefour de deux continents, l’Asie et l’Océanie, de deux géants démographiques, la Chine et le sous-continent indien, et de deux océans, l’Indien et le Pacifique, l’Asie du Sud-Est constitue l’extrémité tropicale du continent asiatique. Formée d’une péninsule et d’un chapelet d’îles, s’étalant sur 4 500 000 de km² et peuplée d’un peu plus de 600  000  millions d’habitants, cette région se compose aujourd’hui de onze pays, d’une considérable diversité de tailles, de populations, de géographies, de cultures et de niveaux de vie. Une telle complexité – socio-économique notamment – tend même à remettre en cause le statut de région de l’Asie du Sud-Est.Les auteurs de ce manuel se sont donc attachés à penser l’Asie du Sud-Est dans sa globalité afin d’en dégager des traits communs, en multipliant les approches transversales et multiscalaires, sans pour autant négliger de prendre en compte chaque pays dans ses spécificités. Parallèlement, deux grandes problématiques – la définition géographique de la région d’une part et son développement économique d’autre part– fondent le livre, construit autour de cinq parties : « L’émergence d’une région », « Les modèles de développement », « Les limites du développement », « Territoires de l’urbain » et « Intégration et géopolitique régionales ». L’ensemble des cartes, schémas, tableaux et graphiques proposés permettra au lecteur d’obtenir une connaissance précise et approfondie de cet éclatement territorial.
700 10 - ADDED ENTRY--PERSONAL NAME
Personal name Franck, Manuelle
Relator term author
856 41 - ELECTRONIC LOCATION AND ACCESS
Uniform Resource Identifier <a href="https://shs.cairn.info/la-region-asie-du-sud-est--9782200636401?lang=fr&redirect-ssocas=7080">https://shs.cairn.info/la-region-asie-du-sud-est--9782200636401?lang=fr&redirect-ssocas=7080</a>

Pas d'exemplaire disponible.

PLUDOC

PLUDOC est la plateforme unique et centralisée de gestion des bibliothèques physiques et numériques de Guinée administré par le CEDUST. Elle est la plus grande base de données de ressources documentaires pour les Étudiants, Enseignants chercheurs et Chercheurs de Guinée.

Adresse

627 919 101/664 919 101

25 boulevard du commerce
Kaloum, Conakry, Guinée

Réseaux sociaux

Powered by Netsen Group @ 2025